Water pollution control. V 3. Stream sanitation and reuse of effluent (Record no. 24233)

MARC details
000 -LEADER
fixed length control field 00329nam a2200109Ia 4500
082 ## - DEWEY DECIMAL CLASSIFICATION NUMBER
Classification number 628.192
Item number WAT
245 #0 - TITLE STATEMENT
Title Water pollution control. V 3. Stream sanitation and reuse of effluent
260 ## - PUBLICATION, DISTRIBUTION, ETC. (IMPRINT)
Place of publication Nagpur
Name of publisher Control of Public health
Year of publication 1966
650 ## - SUBJECT ADDED ENTRY--TOPICAL TERM
Topical Term Water pollution
942 ## - ADDED ENTRY ELEMENTS (KOHA)
Koha item type Books
Holdings
Withdrawn status Lost status Damaged status Not for loan Home library Current library Date acquired Cost, normal purchase price Full call number Accession Number Koha item type
        RRII Library RRII Library 16/12/2021 6.65 628.192 WAT 04917 Books